Statistics for Hawkeye Characters Quiz

Click here to take the quiz!

General Stats

  • This quiz has been taken 199 times
    (182 since last reset)
  • The average score is 15 of 30

Answer Stats

HintAnswer% Correct
Superhero nameHawkeye
100%
Archer inspired by HawkeyeKate Bishop
95%
Natasha’s sister and a Black WidowYelena Belova
94%
AvengerClint Barton
87%
Kate’s motherEleanor Bishop
84%
Above’s real nameMaya Lopez
82%
Eleanor’s fiancéJack Dusquesne
80%
Dog saved by KateLucky
80%
Suit everyone was afterRonin
80%
Crime bossKingpin
71%
Clint’s wifeLaura Barton
71%
Clint’s sonNathaniel Barton
63%
Deaf leader of the Tracksuit MafiaEcho
58%
Clint’s daughterLila Barton
54%
Clint’s sonCooper Barton
50%
Above’s real nameWilson Fisk
44%
Jack’s uncle who was murderedArmand Dusquesne the 3rd
42%
2nd in command to MayaKazi
41%
Kate’s fatherDerek Bishop
34%
Above’s SHIELD code nameMockingbird
31%
Above’s sword-wielding nameSwordsman
30%
Maya’s fatherWilliam Lopez
25%
NYC fire fighter and LARPerGrills
24%
Black Widow with a familyAna
14%
Member of the Tracksuit MafiaIvan
11%
NYC police officer and LARPerWendy Conrad
11%
Member of the Tracksuit MafiaTomas
9%
Leader of the LARPersMissy
8%
LARPer who makes the sound effectsOrville
7%
Black Widow on a mission with YelenaSonya
6%

Score Distribution

Percentile by Number Answered

Percent of People with Each Score

Your Score History

You have not taken this quiz since the last reset